| 000 | 00522nam a22001697a 4500 | ||
|---|---|---|---|
| 003 | NUST - PNEC | ||
| 005 | 20170116181201.0 | ||
| 008 | 160217b xxu||||| |||| 00| 0 eng d | ||
| 020 | _a- | ||
| 040 | _cLIBRARY | ||
| 082 | _a004 BAB | ||
| 100 |
_916455 _aBabar, Afzal Khan |
||
| 245 |
_aComplexities, security measures and laws of information technology _cLt Cdr Sher Afzal Khan Babar PN |
||
| 260 |
_aRawalpindi: _bKhan Rizwan Printing Press; _c2010 |
||
| 650 |
_916457 _aInformation Technology _xMIS |
||
| 942 |
_2ddc _cBK |
||
| 999 |
_c71485 _d71485 |
||